LEADER 01131nam a2200265 a 4500 001 000000122851 003 CaOOAMICUS 005 20100831124713.0 008 100831t2010 it u000 u ita r 020 $a978-88-6444-023-1 040 $aPUL$bita$dReb 082 04$a269.2 100 1 $aGrienti, Vincenzo.$0(OLS)http://pul/name/77190 245 10$aChiesa e internet :$bmessaggio evangelico e cultura digitale /$cVincenzo Grienti. 260 $aMilano :$bAcademia Universa Press,$c©2009. 300 $axii, 128 p. ;$c24 cm. 504 $aBibliografia p. [123]-124. 650 4$aMass media e religione.$0(OLS)http://pul/subject/19308 850 $aPUL 852 $aPUL$W1$xSL Religione 3$y85$m269. 2 GRIVI 1$j141085$qDDC 21$B140176$CPULBib$Z2$F140176 $H114145 $82 941 1 $a9 996 $6020$a978-88-6444-023-1$9(OLS)http://pul/number/145269 996 $6082$a269.2$9(OLS)http://pul/classification/634 996 $6245$aChiesa e internet :$bmessaggio evangelico e cultura digitale$9(OLS)http://pul/title/154859 996 $6260$aMilano :$bAcademia Universa Press$9(OLS)http://pul/publisher/81303 LEADER 01309nam a2200289 a 4500 001 000000127453 003 CaOOAMICUS 005 20120202115057.0 008 120202s2010 it u000 u ita r 020 $a978-88-348-1428-4 040 $aPUL$bita 082 04$a346.016 100 1 $aSantoro, Raffaele.$0(OLS)http://pul/name/32945 245 13$aLa trascrizione tardiva del matrimonio canonico /$cRaffaele Santoro. 260 $aTorino :$bGiappichelli,$c2010. 300 $a232 p. ;$c24 cm. 500 $aIn testa al front.: Seconda universitą degli studi di Napoli. Facoltą di giurisprudenza. Dipartimento di discipline giuridiche ed economiche italiane europee e comparate. 504 $aBibliografia: p. [203]-232. 650 4$aDiritto privato$xMatrimonio.$0(OLS)http://pul/subject/38447 850 $aPUL 852 $aPUL$W1$xSL Diritto e Scienze Sociali 3$y79$m346. 016 SANRA 1$j147467$qDDC 21$B146098$CPULBib$Z2$F146098 $H117816 $82 941 1 $a9 996 $6020$a978-88-348-1428-4$9(OLS)http://pul/number/148794 996 $6082$a346.016$9(OLS)http://pul/classification/2160 996 $6245$aLa trascrizione tardiva del matrimonio canonico$9(OLS)http://pul/title/161035 996 $6260$aTorino :$bGiappichelli$9(OLS)http://pul/publisher/48244